| 000 | 00433nam a22001457a 4500 | ||
|---|---|---|---|
| 005 | 20180215112148.0 | ||
| 008 | 180215b xxu||||| |||| 00| 0 eng d | ||
| 040 | _cPK-LaUMT | ||
| 082 |
_aPKAC 297.74 _bQAZ-M |
||
| 100 | _aQazi , I.I | ||
| 245 |
_aMushahidah Haq(مشاہدہ حق( _cI.I. Qazi |
||
| 260 |
_aحیدر آباد: _bعلامہ آئی آئی قازی یاد گار سوسائٹی، _c1997 |
||
| 300 | _a208 | ||
| 942 | _cBK | ||
| 999 |
_c103252 _d103252 |
||